000 00735 a2200241 4500
005 20260409161718.0
008 260409b |||||||| |||| 00| 0 eng d
020 _a978-0-691-25041-0 (hbk)
037 _cTB
040 _aCRL
_cCRL
041 _2eng
_aeng
084 _aG:66 R3
_qCRL
100 _aVermeij, Geerat J.
_91115722
245 _aEvolution of power: new understanding of the history of life
260 _bUSA:
_aPrinceton University Press,
_c2023.
300 _a238p.
365 _b29.95
_cGBP
650 _aEvolution
650 _aLife Science
_91234568
650 _aEcology
942 _cTB
_2CC
_hG:66 R3
999 _c1679619
_d1679619